Plantas útiles de Colombia (Registro nro. 309)

Detalles MARC
000 -CABECERA
Campo de control 00644nam a2200229 a 4500
005 - FECHA Y HORA DE LA ULTIMA TRANSACCION
Campo de control 20151125020002.0
008 - ELEMENTOS DE LONGITUD FIJA—INFORMACION GENERAL
Campo de control 140220b1996 ck ||||| |||| 00| 0 spa d
020 ## - ISBN
ISBN 9589129412
041 ## - IDIOMA
Código de idioma para texto/pista de sonido o título separado Español
044 ## - PAÍS DE PUBLICACIÓN
País de publicación Colombia
082 ## - NUMERO DE CLASIFICACION DECIMAL DEWEY
Número de clasificación 581.986
Número del ítem P43p
100 ## - ASIENTO PRINCIPAL--NOMBRE PERSONAL
Nombre personal Pérez Arbeláez, Enrique
245 ## - MENCION DE TITULO
Título Plantas útiles de Colombia
250 ## - MENCION DE EDICION
Mención de edición 4 ed.
260 ## - PUBLICACION, DISTRIBUCION, ETC. (PIE DE IMPRENTA)
Lugar de publicación, distribución, etc. Bogotá
Nombre del editor, distribuidor, etc. DAMA
-- Fondo FEN
-- Jardín Botánico de Bogotá José Celestino Mutis
Fecha de publicación, distribución, etc. 1996
300 ## - DESCRIPCION FISICA
Extensión 831 p.
650 ## - ASIENTO SECUNDARIO DE MATERIA - TERMINO TEMATICO
Término temático o nombre geográfico como elemento de entrada Plantas útiles
650 ## - ASIENTO SECUNDARIO DE MATERIA - TERMINO TEMATICO
Término temático o nombre geográfico como elemento de entrada Etnobotánica
650 ## - ASIENTO SECUNDARIO DE MATERIA - TERMINO TEMATICO
Término temático o nombre geográfico como elemento de entrada Angiospermae
650 ## - ASIENTO SECUNDARIO DE MATERIA - TERMINO TEMATICO
Término temático o nombre geográfico como elemento de entrada Gimnospermae
942 ## - ELEMENTOS ADICIONALES (KOHA)
Tipo de ítem Impreso
Sistema de clasificación Dewey Decimal Classification
Koha issues (borrowed), all copies 4
Existencias
Withdrawn status Lost status Sistema de Clasificación Damaged status No para préstamo Colección Inventariado Ubicación Permanente Ubicación actual Fecha de adquisición Fuente de Valor Valor Total Checkouts Número topográfico Inventario / Código de Barras Date last seen Date checked out Ejemplar Price effective from Forma de adquisición Tipo de material
    Dewey Decimal Classification     General Inventariado 2017 Bogotá Bogotá 29/12/1997 Instituto 39000.00 5 LB-581.986 P43p 000406 11/10/2019 11/10/2019 Ej. 2 04/12/2012   Libro
    Local     Botánica Inventariado 2017 Villa de Leyva Villa de Leyva 29/12/1997 Instituto 39000.00   LB-00289 004771 04/12/2012   Ej. 1 04/12/2012   Libro
    Local     Botánica Inventariado 2017 Villa de Leyva Villa de Leyva 04/12/2012 Instituto 39000.00   LB-00289 015571 28/06/2013   Ej. 1 04/12/2012   Libro